| 000 | 00519nam a22001937a 4500 | ||
|---|---|---|---|
| 003 | OSt | ||
| 005 | 20140310181756.0 | ||
| 008 | 121205t xxu||||| |||| 00| 0 eng d | ||
| 020 | _a9716300948 | ||
| 050 |
_aPL6058.8 _b.G493 1998 |
||
| 082 |
_aFIL 899.2113 _b G43 1998 |
||
| 245 |
_aAng gintong habihan : _cmga kuwentong premyado ng Palanca. |
||
| 260 |
_aManila, Philippines : _bTahanan Books, _c 1998. |
||
| 300 |
_a70 p. : _bill. ; _c23 cm. |
||
| 562 | _e2 | ||
| 942 |
_2lcc _cBK |
||
| 999 |
_c3456 _d3456 |
||